Serveurs Minecraft Français - Statistiques

Statistiques générales
  • Ce quiz a été pris 114 fois
  • Le résultat moyen est 2 sur 22
Statistiques - réponses
Indice Réponse % Correct
E epicube
65%
F funcraft
55%
P paladium
34%
R rinaorc
34%
H Hadaria
8%
L lifecraft
8%
B Badlion
5%
C Craftok
5%
K kohi
5%
O oneblock
5%
U unitale
5%
S skillpvp
2%
I icarya
1%
J just2craft
1%
W worldofskill
1%
Y ycraft
1%
A Averfight
0%
D deadk
0%
M moncube
0%
N nitrocube
0%
V volcania
0%
Z zencraft
0%
Aucun quiz correspondant
Distribution des résultats
% des personnes avec chaque résultat
Percentile par nombre de réponses
Votre historique - résultats
Vous n’avez pas pris ce quiz